| 000 | 00337nam a22001337a 4500 | ||
|---|---|---|---|
| 008 | 180913b xxu||||| |||| 00| 0 eng d | ||
| 020 | _a9780072947038 | ||
| 041 | _aeng | ||
| 080 |
_215 ED _a339.138 |
||
| 100 | _a60 | ||
| 101 | _aMAR | ||
| 245 |
_aBasic Marketing A global Managerial Approach _cPerreault..W.D |
||
| 942 |
_2udc _cBK |
||
| 999 |
_c47741 _d47741 |
||